000 01258cam a2200349 a 4500
001 13808012
003 OSt
005 20140310182232.0
008 041207s2005 nyu 000 1 eng
010 _a 2004062899
020 _a9780765314208
020 _a9780765352798
040 _aDLC
_cDLC
_dDLC
050 0 0 _aPR 6101.S54
_b.As825 2006
082 0 0 _aFIC
_bAs3c 2004
100 1 _aAsher, Neal L.
_d1961-
_917966
245 1 0 _aCowl /
_cNeal Asher.
250 _a1st U.S. ed.
260 _aNew York :
_bTOR,
_cc2006.
300 _a320 p. ;
_c24 cm.
541 _j1
562 _e1
650 0 _aLife on other planets
_vFiction.
_917967
650 0 _aAssassins
_vFiction.
_917968
655 7 _aScience fiction.
_2gsafd
_91889
856 4 2 _3Contributor biographical information
_uhttp://www.loc.gov/catdir/enhancements/fy0619/2004062899-b.html
856 4 2 _3Publisher description
_uhttp://www.loc.gov/catdir/enhancements/fy0619/2004062899-d.html
856 4 1 _3Sample text
_uhttp://www.loc.gov/catdir/enhancements/fy1110/2004062899-s.html
906 _a7
_bcbc
_corignew
_d1
_eocip
_f20
_gy-gencatlg
942 _2lcc
_cBK-FIC
999 _c10925
_d10925